00250 a2200109 4500001000700000040003500007100001900042240003300061245002800094362000900122440000900131153737 cEscola São Tomás de Aquino aGIANNI Rodari 10aZero, pra que te quero?lpor10aZero, pra que te quero?0 a2014 1aFTD